000 00306nam a22001337a 4500
008 180228b xxu||||| |||| 00| 0 eng d
020 _a0673133125
041 _aeng
080 _a91
100 _a42
101 _aGEO
245 _aLAND AND PEOPLE A WORLD GEOGRAPHY
_cALBERT.J.L
942 _2udc
_cBK
999 _c43709
_d43709